Statystyki dla Flagi miast województwa kujawsko-pomorskiego

Kliknij tutaj aby rozwiązać quiz!

Ogólne statystyki

  • Ten quiz został rozwiązany 56 razy
  • Średni wynik to 11 z 20

Statystyki odpowiedzi

Odpowiedź% Poprawnych
Bydgoszcz
96%
Toruń
94%
Inowrocław
74%
Włocławek
72%
Brodnica
66%
Grudziądz
66%
Nakło nad Notecią
57%
Żnin
57%
Ciechocinek
53%
Golub-Dobrzyń
53%
Mogilno
53%
Świecie
53%
Rypin
51%
Tuchola
47%
Lipno
43%
Solec Kujawski
36%
Koronowo
32%
Wąbrzeźno
30%
Kowalewo Pomorskie
26%
Jabłonowo Pomorskie
23%

Rozkład punktacji

Percentyl według liczby udzielonych odpowiedzi

Procent ludzi z każdym wynikiem

Twoja historia wyników

Nie rozwiązałeś tego quizu